GUGU GANG - GG TAPE VOL.1 - Statystyki

Ogólne statystyki
  • Ten quiz został rozwiązany 3 razy
  • Średni wynik to 4 z 13
Statystyki odpowiedzi
GG TAPE VOL.1 % Poprawnych
MANDARYNECZKA
100%
Deadline
50%
GUACAMOLE
50%
INTRO
50%
Outro
50%
TRAPAPATY
50%
TRAPAPATY 2
50%
cienki lód
0%
DOUBLE G
0%
KUNG FU
0%
PLOMBA
0%
POPIJAM KLONA LEANEM
0%
WAXX
0%
Nie znaleziono quizów pasujących do podanych kryteriów
Rozkład punktacji
Procent ludzi z każdym wynikiem
Percentyl według liczby udzielonych odpowiedzi
Twoja historia wyników
Nie rozwiązałeś tego quizu